| 000 | 00530nam a2200193Ia 4500 | ||
|---|---|---|---|
| 005 | 20250508152416.0 | ||
| 008 | 008 250505s9999 xx 000 0 eng d | ||
| 037 | _aTextual | ||
| 040 |
_aFEDL _beng _cFEDL |
||
| 041 |
_aeng _2eng |
||
| 084 |
_a507, BAR _qFEDL |
||
| 100 |
_aBarnard Darrell J _9761407 |
||
| 245 | 0 | _aTeachers' manual and key to accompany the new basic science | |
| 260 | _c1956 | ||
| 300 | _aii,62p. | ||
| 700 |
_a Edwards Lon _9761408 |
||
| 942 |
_cTEXL _h507, BAR |
||
| 999 |
_c1336240 _d1336240 |
||